000 00275nam a2200121Ia 4500
008 221030s9999 xx 000 0 und d
041 _aEnglish
100 _aM. J. Etzel
245 0 _aMarketing Concepts & Cases
_cby M. J. Etzel
260 _c0
650 _aMb
942 _cBK
999 _c16662
_d16662